000 01035nam a2200277 a 4500
001 BRL_1005
005 20190320211006.0
008 311013s1972----mx-#######---#000-0#spa-#
041 _aspa
044 _amx
050 4 _aE16
_b.O36 1972
100 1 _aO´Gorman, Edmundo
_d1906-1995
_925545
245 1 0 _aCuatro historiadores de Indias, siglo xvi
_bPedro Mártir de Anglería, Gonzalo Fernández de Oviedo y Valdés, Fray Bartolomé de las Casas, Joseph de Acosta
_cEdmundo O´Gorman.
260 _aMéxico
_bSecretaría de Educación Pública
_c1972
300 _a251 p.
_c17 cm.
440 0 _aSepsetentas
_v51
_922717
500 _aAu1108
600 1 4 _aAnghiera, Pietro Martire d´
_d1457-1526
_925546
600 1 4 _aFernández de Oviedo y Valdés, Gonzalo
_d1478-1557
_911550
600 1 4 _aCasas, Bartolomé de las
_d1474-1566
_925547
600 1 4 _aAcosta, José de
_d1540-1600
_925548
650 1 4 _aHistoriadores
_zAmérica Latina
_925549
651 4 _aAmérica
_xRelatos anteriores a 1600
_925550
902 _aGRL
942 _2lcc
_cB
999 _c9817
_d9817